Dada Kamred (Record no. 347456)

MARC details
000 -LEADER
fixed length control field 00500nam a22001697a 4500
003 - CONTROL NUMBER IDENTIFIER
control field 0
005 - DATE AND TIME OF LATEST TRANSACTION
control field 20221223141742.0
020 ## - INTERNATIONAL STANDARD BOOK NUMBER
International Standard Book Number 9788180313714
082 ## - DEWEY DECIMAL CLASSIFICATION NUMBER
Classification number H 891.4315
Item number YAS
100 ## - MAIN ENTRY--PERSONAL NAME
Personal name Yashpal
245 ## - TITLE STATEMENT
Title Dada Kamred
260 ## - PUBLICATION, DISTRIBUTION, ETC.
Place of publication, distribution, etc. Lokbharti Prakashan
Name of publisher, distributor, etc. Allahabad
Date of publication, distribution, etc. 2020
300 ## - PHYSICAL DESCRIPTION
Extent 136 p.
520 ## - SUMMARY, ETC.
Summary, etc. दादा कामरेड हिन्दी मे रोमैन्स और राजनीति का मिश्रण है।
650 ## - SUBJECT ADDED ENTRY--TOPICAL TERM
Topical term or geographic name entry element Hindi-Novel
942 ## - ADDED ENTRY ELEMENTS (KOHA)
Koha item type Books
Holdings
Withdrawn status Lost status Damaged status Not for loan Home library Current library Date acquired Cost, normal purchase price Total checkouts Full call number Barcode Date last seen Price effective from Koha item type
  Not Missing Not Damaged   Gandhi Smriti Library Gandhi Smriti Library 2022-12-23 195.00   H 891.4315 YAS 168561 2022-12-23 2022-12-23 Books

Powered by Koha